| 000 -LEADER |
| fixed length control field |
01544cam a22003494a 4500 |
| 001 - CONTROL NUMBER |
| control field |
14732644 |
| 003 - CONTROL NUMBER IDENTIFIER |
| control field |
NUST |
| 005 - DATE AND TIME OF LATEST TRANSACTION |
| control field |
20221213170130.0 |
| 008 - FIXED-LENGTH DATA ELEMENTS--GENERAL INFORMATION |
| fixed length control field |
070212s2007 ilua b 101 0 eng c |
| 010 ## - LIBRARY OF CONGRESS CONTROL NUMBER |
| LC control number |
2007006131 |
| 020 ## - INTERNATIONAL STANDARD BOOK NUMBER |
| International Standard Book Number |
9780810124578 (cloth : alk. paper) |
| 020 ## - INTERNATIONAL STANDARD BOOK NUMBER |
| International Standard Book Number |
9780749451011 |
| 035 ## - SYSTEM CONTROL NUMBER |
| System control number |
(OCoLC)ocm87389907 |
| 035 ## - SYSTEM CONTROL NUMBER |
| System control number |
(OCoLC)87389907 |
| 040 ## - CATALOGING SOURCE |
| Original cataloging agency |
IEN/DLC |
| Transcribing agency |
DLC |
| Modifying agency |
BAKER |
| -- |
BTCTA |
| -- |
C#P |
| -- |
YDXCP |
| -- |
IXA |
| -- |
SOI |
| -- |
DLC |
| 042 ## - AUTHENTICATION CODE |
| Authentication code |
pcc |
| 050 00 - LIBRARY OF CONGRESS CALL NUMBER |
| Classification number |
HD42 |
| Item number |
.C648 2007 |
| 082 00 - DEWEY DECIMAL CLASSIFICATION NUMBER |
| Classification number |
302.35,CON |
| Edition number |
22 |
| 245 00 - TITLE STATEMENT |
| Title |
Conflict in organizational groups : |
| Remainder of title |
new directions in theory and practice / |
| Statement of responsibility, etc. |
edited by Kristin J. Behfar and Leigh L. Thompson. |
| 260 ## - PUBLICATION, DISTRIBUTION, ETC. |
| Place of publication, distribution, etc. |
Evanston, Ill. : |
| Name of publisher, distributor, etc. |
Northwestern University Press : |
| -- |
Kellogg School of Management, |
| Date of publication, distribution, etc. |
2007. |
| 300 ## - PHYSICAL DESCRIPTION |
| Extent |
xviii, 292 p. : |
| Other physical details |
ill. ; |
| Dimensions |
27 cm. |
| 505 0# - FORMATTED CONTENTS NOTE |
| Formatted contents note |
Part-1: Conflict and the Individual Group Member (Page-1), Part-2: Conflict and Group Processes (Page-143). |
| 650 #0 - SUBJECT ADDED ENTRY--TOPICAL TERM |
| Topical term or geographic name entry element |
Conflict management |
| Form subdivision |
Congresses. |
| 9 (RLIN) |
104763 |
| 650 #0 - SUBJECT ADDED ENTRY--TOPICAL TERM |
| Topical term or geographic name entry element |
Teams in the workplace |
| Form subdivision |
Congresses. |
| 9 (RLIN) |
104764 |
| 650 #0 - SUBJECT ADDED ENTRY--TOPICAL TERM |
| Topical term or geographic name entry element |
Interpersonal conflict |
| Form subdivision |
Congresses. |
| 9 (RLIN) |
104765 |
| 700 1# - ADDED ENTRY--PERSONAL NAME |
| Personal name |
Behfar, Kristin J. |
| 9 (RLIN) |
104766 |
| 700 1# - ADDED ENTRY--PERSONAL NAME |
| Personal name |
Thompson, Leigh L. |
| 9 (RLIN) |
104767 |
| 856 41 - ELECTRONIC LOCATION AND ACCESS |
| Materials specified |
Table of contents only |
| Uniform Resource Identifier |
<a href="http://www.loc.gov/catdir/toc/ecip0711/2007006131.html">http://www.loc.gov/catdir/toc/ecip0711/2007006131.html</a> |
| 856 42 - ELECTRONIC LOCATION AND ACCESS |
| Materials specified |
Contributor biographical information |
| Uniform Resource Identifier |
<a href="http://www.loc.gov/catdir/enhancements/fy0726/2007006131-b.html">http://www.loc.gov/catdir/enhancements/fy0726/2007006131-b.html</a> |
| 856 42 - ELECTRONIC LOCATION AND ACCESS |
| Materials specified |
Publisher description |
| Uniform Resource Identifier |
<a href="http://www.loc.gov/catdir/enhancements/fy0726/2007006131-d.html">http://www.loc.gov/catdir/enhancements/fy0726/2007006131-d.html</a> |
| 942 ## - ADDED ENTRY ELEMENTS (KOHA) |
| Source of classification or shelving scheme |
|
| Koha item type |
Book |
| Call number prefix |
302.35,CON |